Gray anatomía para estudiantes (Registro nro. 25485)
[ vista simple ]
| 000 -CABECERA | |
|---|---|
| Longitud fija campo de control | 00802cam a22002534a 4500 |
| 003 - IDENTIFICADOR DELl NÚMERO DE CONTROL | |
| Identificador del número de control | OSt |
| 005 - FECHA Y HORA DE LA ÚLTIMA TRANSACCIÓN | |
| Fecha y hora de la última transacción | 20161221103021.0 |
| 008 - CÓDIGOS DE INFORMACIÓN DE LONGITUD FIJA | |
| Códigos de información de longitud fija | 081024s2007 esp spa |
| 020 ## - NÚMERO INTERNACIONAL NORMALIZADO PARA LIBROS | |
| Número Internacional Normalizado para Libros (ISBN) | 978-84-9022-842-5 |
| 040 ## - FUENTE DE LA CATALOGACIÓN | |
| Centro transcriptor | BMC |
| 082 ## - NÚMERO DE LA CLASIFICACIÓN DECIMAL DEWEY | |
| Númeroo de clasificación | 611.370 |
| 100 1# - PUNTO DE ACCESO PRINCIPAL-NOMBRE DE PERSONA | |
| Nombre de persona | Gray, Henry |
| 9 (RLIN) | 13743 |
| Fechas asociadas al nombre | 1825-1861 |
| 245 10 - MENCIÓN DE TÍTULO | |
| Título | Gray anatomía para estudiantes |
| Mención de responsabilidad, etc. | Richard L. Drake, A. Wayne Vogl, Adam W.M. Mitchell |
| 250 ## - MENCIÓN DE EDICIÓN | |
| Mención de edición | 3ª ed |
| 260 ## - PUBLICACIÓN, DISTRIBUCIÓN, ETC. (PIE DE IMPRENTA) | |
| Lugar de publicación, distribución, etc. | Madrid [etc.] |
| Nombre del editor, distribuidor, etc. | Elsevier |
| Fecha de publicación, distribución, etc. | cop. 2015 |
| 300 ## - DESCRIPCIÓN FÍSICA | |
| Extensión | XXIII, 1161 p. |
| Otras características físicas | il. col. |
| Dimensiones | 28 cm |
| 500 ## - NOTA GENERAL | |
| Nota general | Índice p. 1137-1161 |
| 594 ## - NOTA AL TÍTULO Y MENCIÓN DE RESPONSABIBLIDAD | |
| Nota Al Título Y Mención De Responsabilidad | Traducción de: Gray’s anatomy for students, 1st ed. |
| 650 24 - PUNTO DE ACCESO ADICIONAL DE MATERIA - TÉRMINO DE MATERIA | |
| Término de materia o nombre geográfico como elemento inicial | Anatomía humana |
| 9 (RLIN) | 7938 |
| Subdivisión de materia general | Enseñanza |
| 700 1# - PUNTO DE ACCESO ADICIONAL - NOMBRE DE PERSONA | |
| Nombre de persona | Drake, Richard L. |
| 9 (RLIN) | 8116 |
| 700 1# - PUNTO DE ACCESO ADICIONAL - NOMBRE DE PERSONA | |
| Nombre de persona | Vogl, Wayne |
| 9 (RLIN) | 8117 |
| 700 1# - PUNTO DE ACCESO ADICIONAL - NOMBRE DE PERSONA | |
| Nombre de persona | Mitchell, Adam W.M. |
| 9 (RLIN) | 8118 |
| 942 ## - ENTRADA DE ELEMENTOS AGREGADOS (KOHA) | |
| Fuente de clasificaión o esquema | Dewey Decimal Classification |
| Koha [por defecto] tipo de item | 1- Monografias |
| Suprimido | Perdido | Fuente de clasificación o esquema | Estropeado | Restricciones de uso | No para préstamo | Código de colección | Localización permanente | Localización actual | Localización en estanter&íacute;as | Fecha adquisición | Fuente de adquisición | Número de inventario | Préstamos totales | Renovaciones totales | Signatura completa | Código de barras | Fecha última consulta | Fecha último préstamo | Fecha del precio de reemplazo | Tipo de item de Koha | Coste, precio reemplazado |
|---|---|---|---|---|---|---|---|---|---|---|---|---|---|---|---|---|---|---|---|---|---|
| NULL | NULL | Dewey Decimal Classification | NULL | Prestable | NULL | NULL | Biblioteca Miguel de Cervantes - UNICAES | Biblioteca Miguel de Cervantes - UNICAES | Sala Principal | 09/06/2016 | Donación - Facultad de Ciencias de la Salud | 032561 | 111 | 21 | 611.370 GRA | 1037382 | 21/11/2019 | 18/11/2019 | 10/06/2016 | 1- Monografias | |
| NULL | NULL | Dewey Decimal Classification | NULL | Prestable | NULL | NULL | Biblioteca Miguel de Cervantes - UNICAES | Biblioteca Miguel de Cervantes - UNICAES | Sala Principal | 09/06/2016 | Donación - Facultad de Ciencias de la Salud | 032562 | 111 | 19 | 611.370 GRA | 1037383 | 03/09/2022 | 03/09/2022 | 10/06/2016 | 1- Monografias | |
| NULL | NULL | Dewey Decimal Classification | NULL | Prestable | NULL | NULL | Biblioteca Miguel de Cervantes - UNICAES | Biblioteca Miguel de Cervantes - UNICAES | Sala Principal | 09/06/2016 | Donación - Facultad de Ciencias de la Salud | 032563 | 94 | 10 | 611.370 GRA | 1037384 | 28/07/2023 | 27/07/2023 | 10/06/2016 | 1- Monografias | |
| NULL | NULL | Dewey Decimal Classification | NULL | Prestable | NULL | NULL | Biblioteca Miguel de Cervantes - UNICAES | Biblioteca Miguel de Cervantes - UNICAES | Sala Principal | 09/12/2016 | Donación - Facultad de Ciencias de la Salud | 032842 | 85 | 13 | 611.370 GRA | 1040153 | 04/02/2026 | 02/02/2026 | 14/12/2016 | 1- Monografias | 79.00 |
| NULL | NULL | Dewey Decimal Classification | NULL | Prestable | NULL | NULL | Biblioteca Miguel de Cervantes - UNICAES | Biblioteca Miguel de Cervantes - UNICAES | Sala Principal | 09/12/2016 | Donación - Facultad de Ciencias de la Salud | 032843 | 95 | 19 | 611.370 GRA | 1040154 | 03/12/2019 | 03/12/2019 | 14/12/2016 | 1- Monografias | 79.00 |